00831nam a22002295i 450000100090000000300040000900500170001300800410003002000260007104000310009705000140012824501330014225000220027526000380029730000630033533600260039833700280042433800270045250400510047994200520053099900190058220586132OSt20240213154255.0180717s2018 pau 000 0 eng  a9996118614 (hardback) aNUSTbengerdacNUSTdNUST aRC681 BRA00aBraunwald's heart disease review and assessment /cedited by Douglas P. Zipes, Douglas L. Mann, Peter Libby and Robert O. Bonow. aEleventh edition. aPhilaphedia :bElsevier,c©2019. axxviii, 1055 pages :billustrations (some colour),c29 cm. atextbtxt2rdacontent aunmediatedbn2rdamedia avolumebnc2rdacarrier aIncludes bibliographical references and index. 2lcccBOOKSeEleventh editionhRC681kRCmBRAn0 c170574d170574